Catálogo
 En Linea

Obras completas / (Registro nro. 1651)

Detalles MARC
000 -CABECERA
campo de control de longitud fija 00994nam a2200289 a 4500
001 - NÚMERO DE CONTROL
campo de control 000001774
005 - FECHA Y HORA DE LA ÚLTIMA TRANSACCIÓN
campo de control 20250314135209.0
008 - DATOS DE LONGITUD FIJA--INFORMACIÓN GENERAL
campo de control de longitud fija 090629s2008 dr 001 0 spa d
020 ## - NÚMERO INTERNACIONAL ESTÁNDAR DEL LIBRO
Número Internacional Estándar del Libro 843060569X
020 ## - NÚMERO INTERNACIONAL ESTÁNDAR DEL LIBRO
Número Internacional Estándar del Libro 9788430605699
040 ## - FUENTE DE LA CATALOGACIÓN
Centro catalogador/agencia de origen DO-SdBNP
Lengua de catalogación spa
Centro/agencia transcriptor BNPHU
082 ## - NÚMERO DE LA CLASIFICACIÓN DECIMAL DEWEY
Número de clasificación 868
Número de documento/Ítem O77o, 2008
100 1# - ENTRADA PRINCIPAL--NOMBRE DE PERSONA
Nombre de persona Ortega y Gasset, José,
Numeración 1883-1955
9 (RLIN) 5769
245 10 - MENCIÓN DE TÍTULO
Título Obras completas /
Mención de responsabilidad, etc. José Ortega y Gasset.
250 ## - MENCIÓN DE EDICIÓN
Mención de edición 2a. ed.
260 ## - PUBLICACIÓN, DISTRIBUCIÓN, ETC.
Lugar de publicación, distribución, etc. Santo Domingo :
Nombre del editor, distribuidor, etc. Taurus,
Fecha de publicación, distribución, etc. 2008.
300 ## - DESCRIPCIÓN FÍSICA
Extensión v. ;
Dimensiones 25 cm.
500 ## - NOTA GENERAL
Nota general Incluye índice.
500 ## - NOTA GENERAL
Nota general La biblioteca posee los volumenes 2 y 3.
500 ## - NOTA GENERAL
Nota general Incluye referencias bibliográficas y notas al pie de las páginas.
600 14 - PUNTO DE ACCESO ADICIONAL DE MATERIA--NOMBRE DE PERSONA
Nombre de persona ORTEGA Y GASSET, JOSÉ,
Fechas asociadas al nombre 1883-1955
9 (RLIN) 5770
650 #4 - PUNTO DE ACCESO ADICIONAL DE MATERIA--TÉRMINO DE MATERIA
Término de materia o nombre geográfico como elemento de entrada Filosofía moderna
Subdivisión cronológica SIGLO XX
9 (RLIN) 5771
650 #0 - PUNTO DE ACCESO ADICIONAL DE MATERIA--TÉRMINO DE MATERIA
Término de materia o nombre geográfico como elemento de entrada Ciencia política
9 (RLIN) 5772
650 #4 - PUNTO DE ACCESO ADICIONAL DE MATERIA--TÉRMINO DE MATERIA
Término de materia o nombre geográfico como elemento de entrada Literatura española
Subdivisión cronológica SIGLO XX
Subdivisión general Historia y crítica
9 (RLIN) 3061
710 2# - PUNTO DE ACCESO ADICIONAL--NOMBRE DE ENTIDAD CORPORATIVA
Nombre de entidad corporativa o nombre de jurisdicción como elemento de entrada Fundación Ortega y Gasset
9 (RLIN) 5773
910 ## - DATOS DE OPCIÓN DEL USUARIO (OCLC)
Datos de opción del usuario Validado. Control de calidad MFF
Existencias
Estado de retiro Estado de pérdida Restricciones de uso No para préstamo Código de colección Localización permanente Ubicación/localización actual Ubicación en estantería Fecha de adquisición Número de inventario Total de préstamos Signatura topográfica completa Código de barras Fecha visto por última vez Precio válido a partir de Tipo de ítem Koha
    Préstamo interno   Patrimonio Dominicano General General Depósito 29.06.2009 LF1   v. 2 1774-10 25.06.2020 25.06.2020 Libro y Folleto Colección Patrimonio Dominicano
    Préstamo interno   Patrimonio Dominicano General General Depósito 29.06.2009 LF1   v. 3 1774-20 25.06.2020 25.06.2020 Libro y Folleto Colección Patrimonio Dominicano
    Préstamo interno   Patrimonio Dominicano General General Depósito 30.08.2010 LF1   v. 1 1774-30 25.06.2020 25.06.2020 Libro y Folleto Colección Patrimonio Dominicano
    Préstamo interno   Patrimonio Dominicano General General Depósito 30.08.2010 LF1   v. 2 , e. 2 1774-40 25.06.2020 25.06.2020 Libro y Folleto Colección Patrimonio Dominicano
    Préstamo interno   Patrimonio Dominicano General General Depósito 30.08.2010 LF1   v. 5 1774-50 25.06.2020 25.06.2020 Libro y Folleto Colección Patrimonio Dominicano
    Préstamo interno   Patrimonio Dominicano General General Depósito 30.08.2010 LF1   v. 6 1774-60 25.06.2020 25.06.2020 Libro y Folleto Colección Patrimonio Dominicano
    Préstamo interno   Patrimonio Dominicano General General Depósito 30.08.2010 LF1   v. 7 1774-70 25.06.2020 25.06.2020 Libro y Folleto Colección Patrimonio Dominicano

Con tecnología Koha